书目信息 |
| 题名: |
中国西部城市土地定级估价:探索与实践
|
|
| 作者: | 任志远 著 | |
| 分册: | ||
| 出版信息: | 北京 科学出版社 2000.01 |
|
| 页数: | 235页 | |
| 开本: | 16开 | |
| 丛书名: | ||
| 单 册: | ||
| 中图分类: | F299.232 | |
| 科图分类: | ||
| 主题词: | 城市经济 , 市政经济 | |
| 电子资源: | ||
| ISBN: | 7-03-008253-2 | |
| 000 | 00630nam0 2200205 45 | |
| 001 | 0011160985 | |
| 005 | 20001116091911.9 | |
| 010 | @a7-03-008253-2@d35.00元 | |
| 100 | @a20001116d2000 km y0chiy0120 ea | |
| 101 | 0 | @achi |
| 105 | @a z 000yy | |
| 200 | 1 | @a中国西部城市土地定级估价:探索与实践@AZhong Guo Xi Bu Cheng Shi Tu Di Ding Ji Gu Jia:Tan Suo Yu Shi Jian@f任志远等著@FRen Zhi Yuan Deng Zhu |
| 210 | @a北京@c科学出版社@d2000.01 | |
| 215 | @a235页@d16开 | |
| 606 | 0 | @a城市经济 |
| 606 | 0 | @a市政经济 |
| 690 | @aF299.232@v3 | |
| 701 | 0 | @a任志远@4著 |
| 801 | @aCN@bPftUser@c20001116 | |
| 905 | @b408919@dF299.232@eR931@f1 | |
| 中国西部城市土地定级估价:探索与实践/任志远等著.-北京:科学出版社,2000.01 |
| 235页;16开 |
| ISBN 7-03-008253-2:35.00元 |
| ● |
| 相关链接 |
|
|
|
正题名:中国西部城市土地定级估价:探索与实践
索取号:F299.232/R931
 
预约/预借
| 序号 | 登录号 | 条形码 | 馆藏地/架位号 | 状态 | 备注 |
| 1 | 408919 | 204089191 | 社科库409/409社科库 110排2列1层/ [索取号:F299.232/R931] | 在馆 |